Ciudadanía, nacionalismo y derechos humanos

Saved in:
Bibliografiske detaljer
Main Authors: Carracedo, José Rubio (Author), Rosales, José María (Author), Toscano Méndez, Manuel (Author)
Format: Bog
Sprog:spansk
Udgivet: Madrid Trotta 2000
Serier:Colección Estructuras y Procesos. Serie Ciencias Sociales
Fag:
Tags: Tilføj Tag
Ingen Tags, Vær først til at tagge denne postø!

MARC

LEADER 00000nam a2200000 a 4500
001 UCN2348
003 CL-VaPUC
008 010518e20000000SP |||||||||||||||||spa|d
082 0 4 |a 320  |b CAR  |2 21 
100 0 |a Carracedo, José Rubio  |e author  |9 458127 
700 0 |a Rosales, José María  |e author  |9 458128 
700 0 |a Toscano Méndez, Manuel  |e author  |9 458129 
245 1 0 |a Ciudadanía, nacionalismo y derechos humanos 
300 |a 231 p 
942 |c BK 
945 |d 20010518 00:00:00  |a vberengu 
260 |a Madrid  |b Trotta  |c 2000 
650 0 |a Ciencias Políticas  |9 255201 
650 0 |a Ciudadanía  |9 258339 
650 0 |a Derechos humanos  |9 223025 
650 7 |a NACIONALISMO  |2 CL-VaPUC  |9 458130 
650 0 |a Democracia  |9 255256 
650 0 |a Pluralismo cultural  |9 458131 
650 0 |a Patriotismo   |9 340204 
583 |a last modification  |c 20010518 00:00:00  |k Rodrigo Vera 
490 0 |a Colección Estructuras y Procesos. Serie Ciencias Sociales 
999 |c 295454  |d 295452 
952 |0 0  |1 0  |4 0  |6 320_000000000000000_CAR_2000  |7 0  |8 A  |9 348484  |a BIBTEO  |b BIBTEO  |d 2019-11-20  |i 3716961  |l 1  |o 320 CAR 2000  |p 3716961  |r 2025-01-17  |s 2024-10-02  |w 2019-11-20  |y BK  |k ICR